[Event "Harbin m"]
[Site "Harbin"]
[Date "2018.02.05"]
[Round "4"]
[White "Hou, Yifan"]
[Black "Karpov, Anatoly"]
[Result "1/2-1/2"]
[WhiteElo "2654"]
[BlackElo "2623"]
[PlyCount "125"]
[EventDate "2018.02.05"]
[EventType "match (rapid)"]
[EventRounds "6"]
[EventCountry "CHN"]
[SourceTitle "CBM 183"]
[Source "ChessBase"]
[SourceDate "2018.03.14"]
[SourceVersion "1"]
[SourceVersionDate "2018.03.14"]
[SourceQuality "1"]

1. e4 e5 2. Nf3 Nc6 3. Bb5 a6 4. Ba4 Nf6 5. d3 b5 6. Bb3 Be7 7. a4 Rb8 8. axb5 axb5 9. 0-0 0-0 10. c3 d5 11. exd5 Nxd5 12. Re1 Bf6 13. Nbd2 Nf4 14. Ne4 Qxd3 15. Bxf4 Qxd1 16. Raxd1 exf4 17. Bd5 Rb6 18. Nxf6+ gxf6 19. Re4 Rd8 20. Rd2 Kg7 21. Rxf4 b4 22. h3 bxc3 23. bxc3 Ne7 24. Bc4 Rb1+ 25. Kh2 Rxd2 26. Nxd2 Rc1 27. Rf3 Ng6 28. Nb3 Rc2 29. Nd4 Rc1 30. Re3 Ne5 31. Be2 Bd7 32. f4 Ng6 33. Kg3 Kf8 34. Bf3 Ne7 35. Be4 h6 36. Kf2 Ra1 37. g4 Ra2+ 38. Kg3 Ba4 39. Nf5 Nxf5+ 40. Bxf5 Rd2 41. Kh4 Bd7 42. Be4 Be6 43. g5 fxg5+ 44. fxg5 hxg5+ 45. Kxg5 Kg7 46. Rg3 Re2 47. Bf3 Re5+ 48. Kf4+ Kf6 49. h4 Rc5 50. Be2 Rf5+ 51. Ke3 Re5+ 52. Kd2 Re4 53. h5 Rh4 54. Ke3 c5 55. Bf3 Rc4 56. Kd3 Rh4 57. Rg1 Rh3 58. Ke4 Rh4+ 59. Ke3 Rc4 60. Kd2 Rh4 61. Ke3 Rc4 62. Kd2 Rh4 63. Ke3 1/2-1/2